[Event "C.to Italiano U14 femminile"]
[Site "Cortina d'Ampezzo ITA"]
[Date "2002.07.05"]
[Round "5"]
[White "Brancati, Giovanna"]
[Black "Ambrosi, Eleonora"]
[Result "0-1"]
[WhiteElo "1500"]
[BlackElo "2067"]
[PlyCount "128"]
[EventDate "2002.07.02"]

1. e4 c5 2. Nc3 e6 3. f4 Nc6 4. Nf3 a6 5. g3 g6 6. Bg2 Bg7 7. d3 Nge7 8. O-O d6
9. Be3 Nd4 10. Rb1 Nec6 11. Ne2 O-O 12. c3 Nxe2+ 13. Qxe2 Qe7 14. Qd2 f5 15.
Kh1 Bd7 16. Rbd1 e5 17. fxe5 dxe5 18. Bh6 Be6 19. Bxg7 Kxg7 20. b3 fxe4 21.
dxe4 Rad8 22. Qe3 b6 23. Kg1 Rxd1 24. Rxd1 Rd8 25. Rxd8 Qxd8 26. Bf1 Qd1 27.
Qe2 Qxe2 28. Bxe2 b5 29. Kf2 Kf6 30. h4 Ke7 31. Ng5 Bg8 32. Ke3 Kd6 33. Bd3 Na5
34. Be2 Nc6 35. Bd3 Kc7 36. Be2 Kb6 37. Kd2 Ka5 38. Kc2 Kb6 39. Kd2 a5 40. Kc2
b4 41. cxb4 Nd4+ 42. Kd2 cxb4 43. Ke3 a4 44. bxa4 h6 45. Nf3 Nxf3 46. Bxf3 Bxa2
47. Kd3 Bb3 48. Bg4 Ka5 49. Bd7 Bxa4 50. Be6 Bb5+ 51. Kc2 Kb6 52. Kb3 Kc5 53.
Bd5 Bd3 54. Bb7 Bc4+ 55. Kb2 Kd4 56. Kc2 Bd3+ 57. Kb3 Bxe4 58. Bc8 Kc5 59. Be6
Bd5+ 60. Bxd5 Kxd5 61. Kxb4 Kd4 62. Kb5 e4 63. Kc6 e3 64. Kd6 e2 0-1

[Event "C.to Italiano U14 femminile"]
[Site "Cortina d'Ampezzo ITA"]
[Date "2002.07.05"]
[Round "5"]
[White "Cattani, Stella"]
[Black "Castellano, Fulvia"]
[Result "0-1"]
[WhiteElo "1401"]
[BlackElo "1495"]
[PlyCount "80"]
[EventDate "2002.07.02"]

1. e4 c5 2. Nc3 d6 3. Bc4 Nf6 4. d3 e6 5. Bf4 Be7 6. Nf3 Nc6 7. a3 O-O 8. O-O
a6 9. Qe2 e5 10. Bg3 Bg4 11. h3 Nd4 12. Qd1 Nxf3+ 13. gxf3 Bxh3 14. Re1 Nh5 15.
Ne2 Bh4 16. Kh2 Bc8 17. Kg2 Qg5 18. Rh1 Bxg3 19. fxg3 Be6 20. Qc1 Qg6 21. b3
Bxc4 22. bxc4 f5 23. Qd2 fxe4 24. dxe4 Rf7 25. Raf1 Raf8 26. Qd3 Qg5 27. Rf2
Rf6 28. Rh3 Rg6 29. Qd1 Nf4+ 30. Nxf4 Qxf4 31. Qd2 Qf6 32. Qd5+ Kh8 33. Qxb7
Qf4 34. g4 Rxg4+ 35. fxg4 Qxf2+ 36. Kh1 Qf1+ 37. Kh2 Rf2+ 38. Kg3 Rf3+ 39. Kh4
Qxh3+ 40. Kg5 Qh6# 0-1

[Event "C.to Italiano U14 femminile"]
[Site "Cortina d'Ampezzo ITA"]
[Date "2002.07.05"]
[Round "5"]
[White "Panella, Fiammetta"]
[Black "Dieni, Eleonora"]
[Result "1-0"]
[WhiteElo "1693"]
[BlackElo "1476"]
[PlyCount "123"]
[EventDate "2002.07.02"]

1. e4 e5 2. Nf3 Nc6 3. Bb5 a6 4. Ba4 Nf6 5. O-O d6 6. Re1 Bg4 7. c3 Be7 8. h3
Bh5 9. Bxc6+ bxc6 10. d4 O-O 11. Nbd2 Nd7 12. g4 Bg6 13. Nc4 Nb6 14. Nxb6 cxb6
15. dxe5 Qd7 16. exd6 Qxd6 17. Qxd6 Bxd6 18. Nh4 Rae8 19. Nxg6 fxg6 20. Bd2 Rf3
21. Kg2 Ref8 22. Be3 c5 23. Rad1 Bc7 24. Rd7 R3f7 25. Rxf7 Rxf7 26. Bg5 h6 27.
Bh4 g5 28. Bg3 Bxg3 29. Kxg3 Re7 30. f4 gxf4+ 31. Kxf4 Kf7 32. Rd1 Ke6 33. e5
Rf7+ 34. Ke4 g5 35. Rd6+ Ke7 36. Rxb6 a5 37. Rb7+ Ke6 38. Rxf7 Kxf7 39. Kf5 Ke7
40. Kg6 Ke6 41. Kxh6 Kxe5 42. Kxg5 Ke4 43. h4 Kd3 44. h5 Kc2 45. h6 Kxb2 46. h7
Kxc3 47. h8=Q+ Kb4 48. Qb2+ Kc4 49. Kf4 Kd3 50. Qb5+ Kd4 51. Qxa5 c4 52. g5 c3
53. Qxc3+ Kxc3 54. g6 Kb2 55. g7 Kxa2 56. g8=Q+ Kb2 57. Qc4 Ka1 58. Qb4 Ka2 59.
Ke3 Ka1 60. Kd3 Ka2 61. Kc2 Ka1 62. Qa3# 1-0

[Event "C.to Italiano U14 femminile"]
[Site "Cortina d'Ampezzo ITA"]
[Date "2002.07.06"]
[Round "6"]
[White "Ambrosi, Eleonora"]
[Black "Castellano, Fulvia"]
[Result "1-0"]
[WhiteElo "2067"]
[BlackElo "1495"]
[PlyCount "113"]
[EventDate "2002.07.02"]

1. e4 c5 2. Nf3 d6 3. d4 cxd4 4. Nxd4 Nf6 5. f3 e6 6. c4 Be7 7. Be2 O-O 8. O-O
Nc6 9. Nc2 d5 10. exd5 exd5 11. Be3 dxc4 12. Bxc4 Bf5 13. Nd4 Nxd4 14. Bxd4 Qc7
15. Qb3 Bc5 16. Bf2 Bxf2+ 17. Rxf2 Qc5 18. Na3 Bg6 19. Re1 b6 20. Qc3 Rfe8 21.
b4 Rxe1+ 22. Qxe1 Qd4 23. Qd2 Rd8 24. Qxd4 Rxd4 25. Re2 Kf8 26. Rb2 Rd1+ 27.
Kf2 Bd3 28. Bb3 Rc1 29. Ke3 Bg6 30. Kd4 Rc8 31. Bc4 Rd8+ 32. Kc3 Nd5+ 33. Kb3
Ne3 34. Ba6 Bf5 35. Re2 Be6+ 36. Kb2 Nd1+ 37. Kc1 Nc3 38. Rb2 Bf5 39. Rf2 Rd1+
40. Kb2 Na4+ 41. Kb3 Bd7 42. Bb5 Bxb5 43. Nxb5 a6 44. Kxa4 axb5+ 45. Kxb5 Rb1
46. a4 Ke7 47. Rd2 f6 48. a5 bxa5 49. Kxa5 Ra1+ 50. Kb6 Ra8 51. b5 Rb8+ 52. Ka6
Ra8+ 53. Kb7 Ra5 54. Kc6 Ra7 55. b6 Ra6 56. Rd7+ Kf8 57. Ra7 1-0

[Event "C.to Italiano U14 femminile"]
[Site "Cortina d'Ampezzo ITA"]
[Date "2002.07.06"]
[Round "6"]
[White "Rigo, Caterina"]
[Black "Dieni, Eleonora"]
[Result "0-1"]
[WhiteElo "1570"]
[BlackElo "1476"]
[PlyCount "67"]
[EventDate "2002.07.02"]

1. e4 e5 2. Nf3 Nf6 3. Nxe5 d6 4. Nf3 Nxe4 5. d4 d5 6. Bd3 Bd6 7. O-O O-O 8. c4
c6 9. cxd5 cxd5 10. Nc3 Nxc3 11. bxc3 h6 12. Bc2 Nd7 13. Re1 Nf6 14. Ne5 Re8
15. Bf4 Qc7 16. Qd3 Be6 17. Re2 Ne4 18. f3 Qxc3 19. Qxc3 Nxc3 20. Re3 Rac8 21.
a4 a5 22. Bg3 Bb4 23. Bb3 b5 24. axb5 Nxb5 25. Ba4 Bc3 26. Rb1 Bxd4 27. Bxb5
Bxe3+ 28. Kf1 Red8 29. Nc6 Rd7 30. Nb8 Rb7 31. Ke2 Bg5 32. Nc6 Rxc6 33. Bxc6
Rxb1 34. Be1 0-1

[Event "C.to Italiano U14 femminile"]
[Site "Cortina d'Ampezzo ITA"]
[Date "2002.07.06"]
[Round "7"]
[White "Castellano, Fulvia"]
[Black "Rigo, Caterina"]
[Result "0-1"]
[WhiteElo "1495"]
[BlackElo "1570"]
[PlyCount "76"]
[EventDate "2002.07.02"]

1. e4 d5 2. exd5 Qxd5 3. Nc3 Qd6 4. Nf3 Nf6 5. Bc4 a6 6. d3 Nc6 7. a3 b5 8. Ba2
Bg4 9. Be3 Ne5 10. Qe2 Nxf3+ 11. gxf3 Be6 12. h4 Bxa2 13. Nxa2 e6 14. O-O-O a5
15. d4 Qc6 16. Nc3 b4 17. Qb5 Qxb5 18. Nxb5 Nd5 19. a4 c6 20. c4 cxb5 21. cxd5
Rc8+ 22. Kb1 bxa4 23. Rc1 Rxc1+ 24. Rxc1 Kd7 25. Rc6 Bd6 26. Ra6 Bc7 27. Ra7
exd5 28. Bf4 Rc8 29. Bxc7 Rxc7 30. Rxa5 Rc4 31. Rxd5+ Ke6 32. Rd8 Ke7 33. Rd5
b3 34. Re5+ Kd6 35. Re8 Rxd4 36. Rd8+ Ke5 37. Rxd4 Kxd4 38. Kc1 Kd3 0-1

[Event "C.to Italiano U14 femminile"]
[Site "Cortina d'Ampezzo ITA"]
[Date "2002.07.06"]
[Round "7"]
[White "Mosca, Giulia"]
[Black "Ambrosi, Eleonora"]
[Result "0-1"]
[WhiteElo "1500"]
[BlackElo "2067"]
[PlyCount "80"]
[EventDate "2002.07.02"]

1. e4 c5 2. Nc3 e6 3. d3 Nc6 4. g3 g6 5. Bg2 Bg7 6. Nge2 Nge7 7. O-O O-O 8. Be3
Nd4 9. Qd2 a6 10. Nd1 d5 11. c3 Nxe2+ 12. Qxe2 d4 13. cxd4 cxd4 14. Bf4 Bd7 15.
Qd2 Rc8 16. Bh6 Qc7 17. f3 Qc2 18. Qxc2 Rxc2 19. Bxg7 Kxg7 20. Rf2 Rfc8 21.
Rxc2 Rxc2 22. Rb1 Bb5 23. Nf2 Rd2 24. Bf1 Nc6 25. b4 Rxa2 26. Rb3 Ra4 27. Rb2
Rxb4 28. Rc2 Rb1 29. Rd2 a5 30. Rd1 Rxd1 31. Nxd1 a4 32. Nb2 a3 33. Nc4 Bxc4
34. dxc4 a2 35. Kg2 a1=Q 36. Be2 Qc3 37. Kf2 Qe3+ 38. Ke1 d3 39. Kd1 Qxe2+ 40.
Kc1 Qc2# 0-1

[Event "C.to Italiano U14 femminile"]
[Site "Cortina d'Ampezzo ITA"]
[Date "2002.07.06"]
[Round "7"]
[White "Panella, Fiammetta"]
[Black "Brancati, Giovanna"]
[Result "1/2-1/2"]
[WhiteElo "1693"]
[BlackElo "1500"]
[PlyCount "48"]
[EventDate "2002.07.02"]

1. e4 c5 2. Nf3 Nc6 3. d4 cxd4 4. Nxd4 d6 5. c4 g6 6. Nc3 Bd7 7. Be3 Nf6 8. Be2
Bg7 9. Qd2 Nxd4 10. Bxd4 O-O 11. f4 Bc6 12. Bf3 Qd7 13. a3 Rfe8 14. Nd5 Bxd5
15. cxd5 e6 16. dxe6 Qxe6 17. Bxf6 Bxf6 18. O-O Qe7 19. Rfd1 Rad8 20. Rac1 Bg7
21. Rc2 Rd7 22. e5 Red8 23. Qb4 Bf8 24. exd6 Rxd6 1/2-1/2

[Event "C.to Italiano U14 femminile"]
[Site "Cortina d'Ampezzo ITA"]
[Date "2002.07.07"]
[Round "8"]
[White "Ambrosi, Eleonora"]
[Black "Rigo, Caterina"]
[Result "1-0"]
[WhiteElo "2067"]
[BlackElo "1570"]
[PlyCount "37"]
[EventDate "2002.07.02"]

1. Nf3 d6 2. e4 Nf6 3. Nc3 g6 4. d4 Bg7 5. Bc4 O-O 6. Bg5 c5 7. Qd2 Re8 8.
O-O-O Qa5 9. h4 Bd7 10. h5 a6 11. hxg6 hxg6 12. Bxf6 exf6 13. Qf4 b5 14. Bd5
Bc6 15. e5 b4 16. exf6 bxc3 17. Qh4 cxb2+ 18. Kb1 Kf8 19. Qh8+ 1-0

[Event "C.to Italiano U14 femminile"]
[Site "Cortina d'Ampezzo ITA"]
[Date "2002.07.07"]
[Round "8"]
[White "Sommacal, Mandy"]
[Black "Panella, Fiammetta"]
[Result "0-1"]
[WhiteElo "1500"]
[BlackElo "1693"]
[PlyCount "66"]
[EventDate "2002.07.02"]

1. e4 c5 2. Nf3 e6 3. Nc3 d6 4. Be2 Nf6 5. d3 a6 6. a4 Nc6 7. Bd2 Be7 8. O-O
Qc7 9. Qc1 b6 10. Re1 Bb7 11. h3 O-O 12. Nd1 d5 13. Bf4 e5 14. Bg5 dxe4 15.
dxe4 Nxe4 16. Bd3 Nxg5 17. Nxg5 h6 18. Nf3 f5 19. Bc4+ Kh8 20. Nc3 Bf6 21. Nd5
Qd8 22. Qd1 e4 23. Nd2 Be5 24. f3 Bd4+ 25. Ne3 f4 26. Ndf1 fxe3 27. Nxe3 Qg5
28. Qd2 exf3 29. Qf2 fxg2 30. Qd2 Rae8 31. Qd3 Bxe3+ 32. Kh2 Qf4+ 33. Kxg2 Nd4+
0-1

[Event "C.to Italiano U16"]
[Site "Cortina d'Ampezzo ITA"]
[Date "2002.07.02"]
[Round "1"]
[White "Bernardini, Luca"]
[Black "Abbracciavento, Giuseppe"]
[Result "1/2-1/2"]
[WhiteElo "1425"]
[BlackElo "1645"]
[PlyCount "121"]
[EventDate "2002.07.02"]

1. e4 e5 2. d4 exd4 3. Qxd4 Nc6 4. Qe3 Bb4+ 5. Bd2 Bxd2+ 6. Nxd2 d6 7. Bc4 Nf6
8. O-O-O O-O 9. Ne2 Qe7 10. Nc3 Na5 11. Be2 Re8 12. f3 d5 13. Qf2 dxe4 14.
Ndxe4 Nxe4 15. Nxe4 Be6 16. a3 Bc4 17. Bxc4 Nxc4 18. Qc5 Qxc5 19. Nxc5 Nd6 20.
Rhe1 h6 21. g3 a5 22. f4 b6 23. Nd7 f6 24. Rxe8+ Rxe8 25. Nxb6 Re2 26. Nd5 Rxh2
27. Nxc7 Ne4 28. Rg1 Rh3 29. g4 Rf3 30. Ne6 Kf7 31. f5 Ng3 32. Kd1 Rf1+ 33.
Rxf1 Nxf1 34. Ke2 Nh2 35. Nd8+ Ke8 36. Nc6 a4 37. b3 Nxg4 38. bxa4 Kd7 39. Nb4
Ne5 40. c3 Nc4 41. Nc2 Kd6 42. Kd3 Kc5 43. Nd4 Nb2+ 44. Kc2 Nxa4 45. Kb3 Nb6
46. Ne6+ Kb5 47. Nxg7 Nc8 48. Nh5 Nd6 49. Nxf6 Nxf5 50. a4+ Kc5 51. Ne4+ Kd5
52. a5 Kc6 53. Kb4 h5 54. c4 h4 55. Ng5 Nd4 56. a6 Kb6 57. a7 Nc6+ 58. Kc3 Nxa7
59. Kd4 Nc6+ 60. Kd5 Nb4+ 61. Kd6 1/2-1/2

[Event "C.to Italiano U16"]
[Site "Cortina d'Ampezzo ITA"]
[Date "2002.07.02"]
[Round "1"]
[White "Buono, Valerio"]
[Black "Jones, Gawain C.B."]
[Result "0-1"]
[WhiteElo "1576"]
[BlackElo "2237"]
[PlyCount "110"]
[EventDate "2002.07.02"]

1. e4 c5 2. Nf3 d6 3. d4 cxd4 4. Nxd4 Nf6 5. Nc3 g6 6. Be3 Bg7 7. Be2 O-O 8.
O-O Nc6 9. Nb3 Be6 10. f3 d5 11. exd5 Nxd5 12. Nxd5 Qxd5 13. Qxd5 Bxd5 14. c3
Rfd8 15. Rfd1 b6 16. Bb5 Ne5 17. Bd4 Bc4 18. Bxe5 Bxb5 19. Bxg7 Kxg7 20. Nd4
Bd7 21. Rd2 e5 22. Nb3 Be6 23. Rad1 Rxd2 24. Rxd2 Kf8 25. Nc1 Ke7 26. a3 f6 27.
Kf2 b5 28. Ne2 a5 29. Ng3 f5 30. Nf1 Ra6 31. Ne3 Rd6 32. Ke2 a4 33. Nc2 Rxd2+
34. Kxd2 Kd6 35. Kd3 Kc5 36. Nb4 Bd5 37. Na6+ Kd6 38. Ke3 Bb7 39. Nb4 Kc5 40.
Nd3+ Kc4 41. Nc1 g5 42. g3 f4+ 43. gxf4 exf4+ 44. Kf2 h5 45. h3 Bc8 46. Kg2 Bd7
47. Kh2 Bc6 48. Kg2 g4 49. hxg4 hxg4 50. Kf2 Bxf3 51. Kf1 g3 52. Kg1 Bh5 53.
Kg2 Bg4 54. Kg1 f3 55. Kf1 Bh3+ 0-1

[Event "C.to Italiano U16"]
[Site "Cortina d'Ampezzo ITA"]
[Date "2002.07.02"]
[Round "1"]
[White "Lain, Luigi"]
[Black "Guadalupi, Roberto"]
[Result "1-0"]
[WhiteElo "2160"]
[BlackElo "1558"]
[PlyCount "85"]
[EventDate "2002.07.02"]

1. d4 d5 2. c4 e6 3. Nc3 Nf6 4. Bg5 Nbd7 5. e3 c6 6. Bd3 Be7 7. Qc2 O-O 8. Nf3
b6 9. cxd5 cxd5 10. O-O Bb7 11. Rac1 h6 12. Bh4 Rc8 13. h3 Qc7 14. Qd2 Qd8 15.
Qc2 Bc6 16. Ba6 Ra8 17. Bg3 Nb8 18. Bb5 Bd6 19. Bxd6 Qxd6 20. Bxc6 Qxc6 21. Ne5
Qc7 22. Nxd5 Qxc2 23. Ne7+ Kh8 24. Rxc2 Nbd7 25. N7c6 Nxe5 26. Nxe5 Nd5 27. a3
Kg8 28. Rfc1 Ne7 29. Rc7 Nd5 30. Rd7 f6 31. Ng6 Rf7 32. Rd6 Ne7 33. Nf4 e5 34.
dxe5 fxe5 35. Nd3 e4 36. Ne5 Rf5 37. Re6 Nd5 38. Nc6 Raf8 39. Rc2 Rc8 40. Rxe4
Rf6 41. Rec4 Rf7 42. e4 Nf6 43. Ne7+ 1-0

[Event "C.to Italiano U16"]
[Site "Cortina d'Ampezzo ITA"]
[Date "2002.07.02"]
[Round "1"]
[White "Rovai, Andrea"]
[Black "Navarro, Stefano"]
[Result "0-1"]
[WhiteElo "1552"]
[BlackElo "2122"]
[PlyCount "64"]
[EventDate "2002.07.02"]

1. e4 e5 2. Nf3 Nc6 3. Bb5 f5 4. d3 fxe4 5. dxe4 d6 6. O-O Nf6 7. Nc3 Be7 8.
Re1 O-O 9. Bc4+ Kh8 10. Ng5 Qe8 11. Nd5 Bd8 12. h3 h6 13. Nxf6 Bxf6 14. Nf3 Qg6
15. Kh2 Nd4 16. c3 Nxf3+ 17. Qxf3 Bd7 18. g3 Bg5 19. Qg2 Rf6 20. Bxg5 Qxg5 21.
Rad1 Raf8 22. Rf1 Qh5 23. g4 Qg5 24. f3 h5 25. gxh5 Qxh5 26. Rg1 Rg6 27. Qf1
Rxg1 28. Kxg1 Bxh3 29. Qe2 Rxf3 30. Qh2 Qg4+ 31. Kh1 Rg3 32. Qe2 Bg2+ 0-1

[Event "C.to Italiano U16"]
[Site "Cortina d'Ampezzo ITA"]
[Date "2002.07.02"]
[Round "1"]
[White "Sgambato, Antonio"]
[Black "Lo Curto, Emanuele"]
[Result "0-1"]
[WhiteElo "1513"]
[BlackElo "2084"]
[PlyCount "68"]
[EventDate "2002.07.02"]

1. e4 c5 2. Nf3 d6 3. d4 cxd4 4. Nxd4 Nf6 5. Nc3 e6 6. Bc4 Be7 7. Be3 O-O 8.
Qd2 Nc6 9. O-O-O a6 10. f3 Qc7 11. Nxc6 Qxc6 12. Be2 b5 13. a3 Bb7 14. g4 Rac8
15. h4 Nd7 16. Bf4 Ne5 17. Bxe5 dxe5 18. Qd7 Rc7 19. Qxc6 Bxc6 20. g5 Rb8 21.
b4 Rbc8 22. Rd2 Be8 23. Nd1 a5 24. Ne3 axb4 25. axb4 Bxb4 26. Rd3 Bc3 27. Kb1
Ra8 28. Rxc3 Rxc3 29. Ng4 Rac8 30. Bd3 b4 31. Nxe5 b3 32. Rh2 Rb8 33. Kc1 b2+
34. Kb1 Ra3 0-1

[Event "C.to Italiano U16"]
[Site "Cortina d'Ampezzo ITA"]
[Date "2002.07.03"]
[Round "2"]
[White "Bove, Alessandro"]
[Black "Bernardini, Luca"]
[Result "1/2-1/2"]
[WhiteElo "1815"]
[BlackElo "1425"]
[PlyCount "48"]
[EventDate "2002.07.02"]

1. e4 e5 2. Nf3 Nf6 3. Nxe5 d6 4. Nf3 Nxe4 5. d4 d5 6. Bd3 Bd6 7. O-O O-O 8. c4
c6 9. Nc3 Nxc3 10. bxc3 Bg4 11. cxd5 cxd5 12. Re1 Nd7 13. Bd2 Qc7 14. Bxh7+ Kh8
15. Bd3 Bxh2+ 16. Kf1 Bf4 17. Bxf4 Qxf4 18. Re3 Rfe8 19. Qd2 Rxe3 20. Qxe3 Qxe3
21. fxe3 g6 22. c4 dxc4 23. Bxc4 Kg7 24. e4 Rd8 1/2-1/2

[Event "C.to Italiano U16"]
[Site "Cortina d'Ampezzo ITA"]
[Date "2002.07.03"]
[Round "2"]
[White "Chinello, Gianmarco"]
[Black "Pulito, Alberto"]
[Result "1/2-1/2"]
[WhiteElo "1636"]
[BlackElo "2032"]
[PlyCount "85"]
[EventDate "2002.07.02"]

1. e4 e6 2. d4 d5 3. exd5 exd5 4. Nf3 Nf6 5. Nc3 Be7 6. Be2 Nc6 7. O-O Be6 8.
Re1 Qd7 9. Bb5 a6 10. Ne5 Qd6 11. Bxc6+ bxc6 12. Bf4 Qb4 13. Nxc6 Qxb2 14. Qd3
Bb4 15. Nxb4 Qxb4 16. Bxc7 O-O 17. Rab1 Qe7 18. Bb6 Rfc8 19. Bc5 Qd7 20. Rb6
Bf5 21. Qd2 Re8 22. Rxe8+ Rxe8 23. f3 h5 24. Rxa6 Bg6 25. Rb6 h4 26. h3 Qf5 27.
Rb2 Bh5 28. a4 Qg6 29. Qf2 Qg5 30. Rb1 Re3 31. f4 Qg3 32. Qxg3 hxg3 33. a5 Rxc3
34. a6 Be2 35. a7 Rxc2 36. a8=Q+ Kh7 37. Qa4 Bd3 38. Re1 Be4 39. Qa1 Rxg2+ 40.
Kf1 Rf2+ 41. Kg1 Rg2+ 42. Kf1 Rh2 43. Qd1 1/2-1/2

[Event "C.to Italiano U16"]
[Site "Cortina d'Ampezzo ITA"]
[Date "2002.07.03"]
[Round "2"]
[White "Jones, Gawain C.B."]
[Black "Frontali, Jacopo"]
[Result "1-0"]
[WhiteElo "2237"]
[BlackElo "1663"]
[PlyCount "44"]
[EventDate "2002.07.02"]

1. e4 e6 2. d3 d5 3. Qe2 Nf6 4. Nf3 c5 5. g3 Nc6 6. Bg2 Be7 7. O-O O-O 8. e5
Nd7 9. c4 d4 10. h4 h6 11. h5 a6 12. Bf4 Rb8 13. Nbd2 b5 14. b3 Nb6 15. Nh2 Bb7
16. Ng4 Kh8 17. Ne4 bxc4 18. bxc4 Na4 19. Qd2 Bg5 20. Nxg5 hxg5 21. Bxg5 Qc7
22. Bf6 Rg8 1-0

[Event "C.to Italiano U16"]
[Site "Cortina d'Ampezzo ITA"]
[Date "2002.07.03"]
[Round "2"]
[White "Lo Curto, Emanuele"]
[Black "Bosi, Clint"]
[Result "1-0"]
[WhiteElo "2084"]
[BlackElo "1633"]
[PlyCount "123"]
[EventDate "2002.07.02"]

1. e4 c6 2. d4 d5 3. Nc3 dxe4 4. Nxe4 Bf5 5. Ng3 Bg6 6. Bc4 e6 7. N1e2 Nf6 8.
Nf4 Nbd7 9. O-O Nb6 10. Bb3 Bd6 11. Re1 Nbd5 12. Nd3 O-O 13. Ne5 Qb6 14. c4 Bb4
15. cxd5 Bxe1 16. Qxe1 cxd5 17. Nxg6 hxg6 18. Qd1 Rfc8 19. Be3 Qd6 20. f3 a6
21. Qd3 b5 22. Rd1 Rc6 23. Bc2 Rac8 24. Bb1 Nd7 25. Ne2 Nb6 26. b3 Nd7 27. Bf4
Qe7 28. Bg3 Nf6 29. Be5 Nd7 30. Bg3 Nf6 31. Qe3 Qe8 32. Be1 Qe7 33. Nc1 Qc7 34.
Nd3 Kf8 35. Nc5 a5 36. b4 axb4 37. Bxb4 Ke8 38. Bd3 Qb8 39. Qe2 Rb6 40. Ba5 Rd6
41. Bxb5+ Ke7 42. Bb4 Kd8 43. a4 Nd7 44. Nxd7 Rxd7 45. Ba5+ Ke7 46. Bxd7 Kxd7
47. Qb5+ Qxb5 48. axb5 Rb8 49. Rb1 f6 50. Kf2 e5 51. Ke3 Kd6 52. Bb4+ Kd7 53.
Bc5 g5 54. b6 Kc6 55. b7 Kc7 56. Rb6 Rxb7 57. Rxb7+ Kxb7 58. dxe5 fxe5 59. Bd6
e4 60. fxe4 Kc6 61. Bf8 g6 62. exd5+ 1-0

[Event "C.to Italiano U16"]
[Site "Cortina d'Ampezzo ITA"]
[Date "2002.07.03"]
[Round "2"]
[White "Navarro, Stefano"]
[Black "Gatterer, Matthias"]
[Result "1-0"]
[WhiteElo "2122"]
[BlackElo "1642"]
[PlyCount "117"]
[EventDate "2002.07.02"]

1. e4 e6 2. d3 d5 3. Nd2 Nf6 4. g3 g6 5. Bg2 Bg7 6. Ngf3 O-O 7. O-O c5 8. Re1
Nc6 9. c3 Qc7 10. Nb3 b6 11. Bf4 Qe7 12. Bg5 dxe4 13. Nfd2 Qc7 14. Nxe4 Nxe4
15. dxe4 Bb7 16. Qd2 Ne7 17. Bf4 e5 18. Bh6 Rfd8 19. Qe3 Rd7 20. Bxg7 Kxg7 21.
Bh3 Rd6 22. Rad1 Rad8 23. Rxd6 Qxd6 24. Re2 Qd3 25. Qxd3 Rxd3 26. Re1 Ng8 27.
Bf1 Rd8 28. f3 Bc6 29. Kf2 f6 30. Ke3 Kf8 31. Nd2 Ne7 32. Nc4 Nc8 33. b3 Nd6
34. Nb2 Ke7 35. Rd1 Nf7 36. Rxd8 Nxd8 37. Bc4 Nb7 38. Kd3 Nd6 39. Nd1 Bb5 40.
Ne3 Bxc4+ 41. Nxc4 Nxc4 42. Kxc4 Kd6 43. Kb5 Kc7 44. Ka6 Kb8 45. a4 c4 46. b4
h6 47. Kb5 Kb7 48. Kxc4 Kc6 49. a5 f5 50. b5+ Kd6 51. a6 Ke6 52. Kb4 Kd6 53. c4
f4 54. g4 g5 55. h3 Kd7 56. c5 Kc7 57. Kc4 Kc8 58. cxb6 axb6 59. Kd5 1-0

[Event "C.to Italiano U16"]
[Site "Cortina d'Ampezzo ITA"]
[Date "2002.07.03"]
[Round "2"]
[White "Tondella, Ermete"]
[Black "Fratino, Lorenzo"]
[Result "0-1"]
[WhiteElo "1500"]
[BlackElo "1500"]
[PlyCount "90"]
[EventDate "2002.07.02"]

1. e4 e5 2. Nf3 Nf6 3. Nxe5 d6 4. Nf3 Nxe4 5. d4 d5 6. Bd3 Bd6 7. O-O Bg4 8. h3
Bf5 9. Re1 O-O 10. Ng5 Re8 11. Nxe4 Bxe4 12. Bxe4 dxe4 13. Qg4 Nc6 14. c3 Qc8
15. Qxc8 Raxc8 16. Nd2 Re7 17. Nc4 Rce8 18. Nxd6 cxd6 19. Bf4 d5 20. Re3 h6 21.
Rae1 g5 22. Bd6 Re6 23. Ba3 f5 24. f3 f4 25. R3e2 a5 26. fxe4 Rxe4 27. Rxe4
Rxe4 28. Rxe4 dxe4 29. d5 Ne5 30. d6 Kf7 31. c4 Ke6 32. b3 e3 33. Kf1 h5 34.
Ke2 g4 35. h4 Ng6 36. Bc1 Nxh4 37. g3 f3+ 38. Kxe3 Nf5+ 39. Kf2 Nxd6 40. Be3
Nf5 41. Bc1 Ke5 42. Bb2+ Ke4 43. b4 h4 44. gxh4 Nxh4 45. a3 Nf5 0-1

[Event "C.to Italiano U16"]
[Site "Cortina d'Ampezzo ITA"]
[Date "2002.07.03"]
[Round "2"]
[White "Vecchi, Eugenio"]
[Black "Lain, Luigi"]
[Result "1-0"]
[WhiteElo "1663"]
[BlackElo "2160"]
[PlyCount "139"]
[EventDate "2002.07.02"]

1. c4 e5 2. Nf3 Nc6 3. Nc3 Bc5 4. e3 d6 5. d4 Bb4 6. dxe5 Bxc3+ 7. bxc3 dxe5 8.
Qxd8+ Kxd8 9. Be2 f6 10. O-O Nge7 11. Ba3 Ke8 12. Rab1 b6 13. c5 Be6 14. cxb6
axb6 15. Bxe7 Nxe7 16. Bb5+ c6 17. Bd3 b5 18. Ra1 Ra3 19. Rfc1 b4 20. Rab1 bxc3
21. Rb8+ Bc8 22. Rb3 Rxa2 23. Rbxc3 Be6 24. Be4 Bd5 25. Bxd5 cxd5 26. h3 Kf7
27. Rc7 Rha8 28. Rb7 Ra1 29. Rxa1 Rxa1+ 30. Kh2 Rf1 31. Rb2 g5 32. g4 Rc1 33.
Kg2 Ke6 34. Rb6+ Rc6 35. Rb8 Rc8 36. Rb6+ Kf7 37. Rb7 Rd8 38. Rb4 Rd7 39. Kf1
Ng6 40. Ra4 h6 41. Rb4 Nf8 42. h4 Ne6 43. hxg5 hxg5 44. Ra4 Nc5 45. Rb4 Ne4 46.
Ra4 Rc7 47. Ra2 Rc1+ 48. Kg2 Rd1 49. Ra4 Ke6 50. Ra2 Kd6 51. Rc2 d4 52. exd4
exd4 53. Rc4 Kd5 54. Ra4 d3 55. Rd4+ Kc5 56. Rxe4 Kd5 57. Rd4+ Kc5 58. Ra4 Kd5
59. Ra6 d2 60. Nxd2 Rxd2 61. Rxf6 Re2 62. Rf5+ Re5 63. Rxe5+ Kxe5 64. Kf3 Kd4
65. Ke2 Ke4 66. f3+ Kd4 67. Kd2 Kd5 68. Kd3 Ke5 69. Ke3 Kf6 70. Kd4 1-0

[Event "C.to Italiano U16"]
[Site "Cortina d'Ampezzo ITA"]
[Date "2002.07.04"]
[Round "3"]
[White "Armentano, Alessio"]
[Black "Massironi, Marco"]
[Result "1/2-1/2"]
[WhiteElo "1822"]
[BlackElo "1759"]
[PlyCount "44"]
[EventDate "2002.07.02"]

1. e4 c5 2. Nc3 Nc6 3. g3 g6 4. Bg2 Bg7 5. d3 d6 6. f4 e6 7. Nf3 Nge7 8. O-O
O-O 9. Be3 b6 10. Rb1 d5 11. Ne2 Ba6 12. Nd2 Qd7 13. a3 dxe4 14. Nxe4 Nd5 15.
Bf2 Rac8 16. Re1 Nd4 17. h3 Kh8 18. Ng5 Bb7 19. Nxd4 cxd4 20. Nf3 Qa4 21. Rc1
Rc7 22. Re2 Rfc8 1/2-1/2

[Event "C.to Italiano U16"]
[Site "Cortina d'Ampezzo ITA"]
[Date "2002.07.04"]
[Round "3"]
[White "Frilli, Guido"]
[Black "Navarro, Stefano"]
[Result "1/2-1/2"]
[WhiteElo "1750"]
[BlackElo "2122"]
[PlyCount "55"]
[EventDate "2002.07.02"]

1. e4 e5 2. d4 exd4 3. Qxd4 Nc6 4. Qe3 d6 5. Bd2 Be6 6. Nc3 Nf6 7. O-O-O a6 8.
f4 Qe7 9. Nf3 O-O-O 10. Be1 d5 11. Bh4 dxe4 12. Rxd8+ Qxd8 13. Nxe4 Be7 14.
Nxf6 Bxf6 15. Bxf6 Qxf6 16. a3 Rd8 17. Bd3 h6 18. Rd1 Kb8 19. Be2 Rxd1+ 20.
Bxd1 Ne7 21. Qe5 Qxe5 22. Nxe5 Nd5 23. g3 Ne3 24. Be2 f6 25. Nf3 Kc8 26. Nd4
Bd7 27. Kd2 Nd5 28. Bd3 1/2-1/2

[Event "C.to Italiano U16"]
[Site "Cortina d'Ampezzo ITA"]
[Date "2002.07.04"]
[Round "3"]
[White "Lorenzini, Luca"]
[Black "Locatelli, Andrea"]
[Result "0-1"]
[WhiteElo "1597"]
[BlackElo "1984"]
[PlyCount "70"]
[EventDate "2002.07.02"]

1. d4 Nf6 2. c4 e6 3. Nf3 d5 4. Nc3 Bb4 5. Qa4+ Nc6 6. Bg5 Bd7 7. Qc2 h6 8. Bh4
g5 9. Bg3 g4 10. Ne5 Nxd4 11. Qd3 Nc6 12. e3 Bd6 13. Nxd7 Qxd7 14. cxd5 Nb4 15.
Qd2 Bxg3 16. hxg3 Nbxd5 17. O-O-O O-O-O 18. Bc4 Qe7 19. Nxd5 Nxd5 20. Bxd5 Rxd5
21. Qe2 Qc5+ 22. Kb1 h5 23. Rc1 Qb4 24. Rcd1 Rhd8 25. Rxd5 Rxd5 26. Rd1 Qd6 27.
Rxd5 Qxd5 28. e4 Qd4 29. e5 c5 30. Kc2 a6 31. f3 Kc7 32. fxg4 hxg4 33. b3 Kc6
34. Kb1 Kd5 35. a4 Qe4+ 0-1

[Event "C.to Italiano U16"]
[Site "Cortina d'Ampezzo ITA"]
[Date "2002.07.04"]
[Round "3"]
[White "Rabitti, Alberto"]
[Black "Lo Curto, Emanuele"]
[Result "0-1"]
[WhiteElo "1693"]
[BlackElo "2084"]
[PlyCount "74"]
[EventDate "2002.07.02"]

1. e4 c5 2. Nf3 d6 3. d4 cxd4 4. Nxd4 Nf6 5. Nc3 e6 6. Be3 Be7 7. f3 Nc6 8. Qd2
a6 9. O-O-O Qc7 10. g4 Ne5 11. g5 Nfd7 12. f4 Nc4 13. Bxc4 Qxc4 14. Nb3 b5 15.
Qd4 Qxd4 16. Bxd4 b4 17. Ne2 O-O 18. Na5 Re8 19. Nc6 Bf8 20. Ng3 a5 21. f5 exf5
22. Nxf5 Bb7 23. Na7 Bxe4 24. Rhf1 Rab8 25. Ng3 Ba8 26. Rf5 Nc5 27. Bxc5 dxc5
28. Rd7 Re7 29. Rxe7 Bxe7 30. Re5 Bd6 31. Re1 Kf8 32. Kb1 c4 33. Ne4 Re8 34.
Nb5 Bf4 35. Rd1 Bxe4 36. Nd6 Bxd6 37. Rxd6 Bf3 0-1